000 00341nam a22001457a 4500
008 221202b ||||| |||| 00| 0 eng d
020 _a9781558106994
041 _aeng
080 _22ND EDITION
_a32
082 _a32ANA
100 _a32.1
101 _aJURE
245 _aFORENSIC NURSING
_cAMERICAN NURSES ASSOCIATION
942 _2udc
_cBK
999 _c59078
_d59078